States that Border States that Border Mexico - Statistics

General Stats
  • This quiz has been taken 112 times
  • The average score is 6 of 7
Answer Stats
States % Correct
Nevada
95%
Oklahoma
91%
Colorado
84%
Utah
84%
Oregon
82%
Arkansas
81%
Louisiana
78%
No matching quizzes found
Score Distribution
Percent of People with Each Score
Percentile by Number Answered
Your Score History
You have not taken this quiz